00269nam a2200109Ia 4500008004100000100001700041245004400058260001100102300002100113440001600134521000900150140626s9999 xx 000 0 und d aDavis, Nancy aStrategic HR Risk Taker /cNancy Davis. cc2012. a57 : 11, page 38 aHR Magazine aBSBA